Cien años de soledad

Saved in:
Bibliographic Details
Main Author: Garcia Márquez, Gabriel, 1928-2014
Format: Book
Language:Spanish
Published: Buenos Aires : Sudamericana, c1980.
Subjects:
Tags: Add Tag
No Tags, Be the first to tag this record!

MARC

LEADER 00000cam a2200000 i 4500
001 1/19150
008 120503s1980 ag | ||| |||| ||spa||
035 |l 10112328 
040 |a GR-MyUa  |b gre  |e AACR2 
041 0 |a spa 
082 7 |a 863   |2 (22) 
100 1 |a Garcia Márquez, Gabriel,   |d 1928-2014. 
245 1 0 |a Cien años de soledad /   |c Gabriel Garcia Márquez.  
246 1 |i Άλλες παραλλαγές του τίτλου:   |a 100 anos de soledad 
260 |a Buenos Aires :   |b Sudamericana,   |c c1980.  
300 |a 359 σ. ;   |c 18 εκ.  
650 0 |a Colombian fiction. 
767 0 8 |i Μεταφρασμένο ως:   |t Εκατό χρόνια μοναξιά /  
767 0 8 |i Μεταφρασμένο ως:   |t Εκατό χρόνια μοναξιάς /  
767 0 8 |i Μεταφρασμένο ως:   |t Εκατό χρόνια μοναξιά /  
852 |a INST  |b SYROS  |e 20120503  |h 863 GAR  |p 005500010100  |q 005500010100  |t BK  |y 0 
901 |a BIBL5-2012-1 
970 |a Τσουκαλά  |b Αλίκη  |z 04/05/2012